| 000 | 00338nam a22001337a 4500 | ||
|---|---|---|---|
| 020 | _a0070583773 | ||
| 082 |
_222 _a621.31042 |
||
| 100 | _aKothari, D. P. and Nagrath, I. J. | ||
| 245 | _aElectric machines / | ||
| 250 | _a3rd ed. | ||
| 260 |
_aNew Delhi, _bPrentice Hall, _cc2006. |
||
| 300 |
_axvii, 834 p. ; _bill. ; |
||
| 942 |
_2ddc _cEE _047 |
||
| 999 |
_c3763 _d3763 |
||